000 00577nam a2200181Ia 4500
008 151202s9999||||xx |||||||||||||| ||und||
082 _bPNVM-64799
100 _aकिणीकर रॉय.
245 _aरम्य ते बालपण.
260 _b"डायमंड पब्लिकेशन,पुणे."
260 _c2007
300 _a136
600 _aकिणीकर रॉय.
630 _aरम्य ते बालपण.
700 _aकिणीकर रॉय.
730 _aरम्य ते बालपण.
942 _cBOOK
999 _c1331332
_d1331329